Give and take : exchange in Wola society /

Saved in:
Bibliographic Details
Main Author: Sillitoe, Paul
Format: Book
Language:English
Published: Canberra : Australian National University Press, 1979.
Subjects:
LEADER 01176nam a2200301 a 4500
001 c000045506
003 CARM
005 00000000000000.0
008 800321s1979 at bf b 00110 eng d
019 1 |a 1688492  |5 LACONCORD2021 
020 |a 0708118054 :  |c $29.50 Aust. 
035 |a (OCoLC)5934174  |5 LACONCORD2021 
040 |d NSL 
042 |a anuc 
043 |a a-pp--- 
082 1 |a 302.30995  |2 19 
082 0 4 |a 301.29/95/5 
100 1 |a Sillitoe, Paul. 
245 1 0 |a Give and take :  |b exchange in Wola society /  |c [by] Paul Sillitoe. 
260 |a Canberra :  |b Australian National University Press,  |c 1979. 
300 |a xiv,316p., 8p. of plates :  |b diagrs., graphs, maps ;  |c 22cm. 
500 |a New Guinean peoples: Wola. Social interactions. Exchange. Papua New Guinea (ANB/PRECIS SIN 0211362) 
500 |a Index. 
504 |a Includes bibliographical references. 
650 0 |a Wola (New Guinea people)  |x Social life and customs. 
852 8 |b CARM  |h A2:AF12A0  |i B01725  |p 0029787  |f BK 
999 f f |i bae990db-b424-55a2-bdef-876d318c4370  |s 98888f96-17da-52f8-bb85-ddb6f88651fd 
952 f f |p Can circulate  |a CAVAL  |b CAVAL  |c CAVAL  |d CARM 1 Store  |e B01725  |f A2:AF12A0  |h Other scheme  |i book  |m 0029787